00434nam a2200181 a 450000100060000000300090000600800410001502000150005604000280007108200170009910000240011624500250014025000060016526000360017130000100020765000140021765000210023112701CO-ViMGA141112s2004 ck r 000 u spa d a8478804854 aCO-ViMGAbspacCO-ViMGA04a133.422 S1511 aSalarrullana, Pilar10aLas Sectas satanicas a1 aMadrid : bTemas de hoy, c1995 a335p.14aSATANISMO14aSECTAS SATANICAS